Defining moments and reminiscences: an anthology of service experience of public servants in India (Record no. 525223)

000 -LEADER
fixed length control field 00436nam a22001337a 4500
020 ## - INTERNATIONAL STANDARD BOOK NUMBER
International Standard Book Number 9789359174587
082 ## - DEWEY DECIMAL CLASSIFICATION NUMBER
Classification number A98 M361
100 ## - MAIN ENTRY--PERSONAL NAME
Personal name Mishra Prasanna
9 (RLIN) 43357
245 ## - TITLE STATEMENT
Title Defining moments and reminiscences: an anthology of service experience of public servants in India
Statement of responsibility, etc by Prasanna Mishra
260 ## - PUBLICATION, DISTRIBUTION, ETC. (IMPRINT)
Place of publication, distribution, etc Bhubaneswar
Name of publisher, distributor, etc The author
Date of publication, distribution, etc 2023
300 ## - PHYSICAL DESCRIPTION
Extent 320p.
650 ## - SUBJECT ADDED ENTRY--TOPICAL TERM
Topical term or geographic name as entry element Biographies
9 (RLIN) 43358
650 ## - SUBJECT ADDED ENTRY--TOPICAL TERM
Topical term or geographic name as entry element Public servants - India
9 (RLIN) 43359
Holdings
Withdrawn status Lost status Source of classification or shelving scheme Damaged status Koha normalized classification for sorting Not for loan Permanent location Current location Shelving location Date acquired Full call number Barcode Date last seen Price effective from Koha item type
        A_98_000000000000000_M361   Indian Institute of Public Administration Indian Institute of Public Administration On Display 2024-02-15 A98 M361 Gr24785 2024-02-15 2024-02-15 GR
        A_98_000000000000000_M361   Indian Institute of Public Administration Indian Institute of Public Administration On Display 2024-02-15 A98 M361 Gr24786 2024-02-15 2024-02-15 GR

Powered by Koha